| 000 | 00713nam a2200217 a 4500 | ||
|---|---|---|---|
| 005 | 20240925070126.0 | ||
| 008 | 030218s1996 mx r 000 0 spa d | ||
| 020 | _a843301174X | ||
| 035 | _aUPN01000122030 | ||
| 049 | _aCG | ||
| 050 | 4 |
_aBF575 A3 _bB4.28 |
|
| 100 | 1 | _aBerkowitz, Leonard | |
| 245 | 1 | 0 |
_aAgresión : _bcausas, consecuencias y control / _cLeonard Berkowitz ; tr. Jasone Aldekoa. |
| 260 |
_aBilbao, Esp. : _bDesclée de Brouwer, _c1996. |
||
| 300 |
_a480 p. : _bgráfs. |
||
| 440 | 0 |
_aBiblioteca de psicología ; _v80 |
|
| 534 |
_pTraducción de: _tAggression : its causes, consequences, and control |
||
| 650 | 4 |
_aAgresividad (Psicología) _92250 |
|
| 650 | 4 |
_aViolencia _97151 |
|
| 905 | _aLibro | ||
| 999 |
_c94232 _d94232 |
||